| Tag |
First Indicator |
Second Indicator |
Subfields |
| LEADER |
00000cam a22000004a 4500 |
| 001 |
in00004502205 |
| 005 |
20211122151335.0 |
| 008 |
050718s2006 enka b 001 0 eng |
| 010 |
|
|
|a 2005020627
|
| 020 |
|
|
|a 0851990584 (alk. paper)
|
| 020 |
|
|
|a 9780851990583
|
| 024 |
3 |
|
|a 9780851990583
|
| 035 |
|
|
|a (OCoLC)ocm61162138
|
| 035 |
|
|
|z (UtOrBLW)41487
|
| 035 |
|
|
|a 59318
|
| 040 |
|
|
|a DLC
|c DLC
|d BAKER
|d BWKUK
|d IXA
|d AGL
|d IG#
|d YDXCP
|d TMV
|d UtOrBLW
|
| 042 |
|
|
|a pcc
|
| 049 |
|
|
|a TMVM
|c 1
|
| 060 |
|
4 |
|a SB 933.3
|b E61 2006
|
| 245 |
0 |
0 |
|a Environmental impact of invertebrates for biological control of arthropods :
|b methods and risk assessment /
|c edited by Franz Bigler and Dirk Babendreier and Ulrich Kuhlmann.
|
| 264 |
|
1 |
|a Wallingford, UK ;
|a Cambridge, MA :
|b CABI Pub.,
|c [2006]
|
| 264 |
|
4 |
|c ©2006
|
| 300 |
|
|
|a xv, 299 pages :
|b illustrations ;
|c 25 cm
|
| 336 |
|
|
|a text
|b txt
|2 rdacontent
|
| 337 |
|
|
|a unmediated
|b n
|2 rdamedia
|
| 338 |
|
|
|a volume
|b nc
|2 rdacarrier
|
| 504 |
|
|
|a Includes bibliographical references and index.
|
| 650 |
|
0 |
|a Insect pests
|x Biological control.
|0 http://id.loc.gov/authorities/subjects/sh85066646
|
| 650 |
|
0 |
|a Arthropod pests
|x Biological control.
|0 http://id.loc.gov/authorities/subjects/sh2010001643
|
| 650 |
|
0 |
|a Arthropoda as biological pest control agents.
|0 http://id.loc.gov/authorities/subjects/sh93008802
|
| 650 |
|
0 |
|a Pesticides
|x Environmental aspects.
|0 http://id.loc.gov/authorities/subjects/sh85100279
|
| 650 |
|
2 |
|a Pest Control, Biological.
|0 https://id.nlm.nih.gov/mesh/D010572
|
| 700 |
1 |
|
|a Bigler, Franz.
|0 http://id.loc.gov/authorities/names/n2005052504
|
| 700 |
1 |
|
|a Babendreier, Dirk.
|0 http://id.loc.gov/authorities/names/n2005052508
|
| 700 |
1 |
|
|a Kuhlmann, Ulli.
|0 http://id.loc.gov/authorities/names/n2005052509
|
| 710 |
2 |
|
|a C.A.B. International.
|0 http://id.loc.gov/authorities/names/n86018549
|
| 776 |
0 |
8 |
|i Electronic version:
|t Environmental impact of invertebrates for biological control of arthropods.
|w (OCoLC)228144236
|
| 999 |
|
|
|a MARS
|
| 999 |
f |
f |
|s 5089f1f4-ad1f-34e3-b63d-3e7071236945
|i 2b22e85e-f83d-3076-b83f-733c74fe48cb
|t 0
|
| 952 |
f |
f |
|p ric
|a Texas A&M University
|b Rellis Campus
|c Joint Library Facility
|d Remote Storage
|t 0
|e SB 933.3 E61 2006
|h National Library of Medicine classification
|i unmediated -- volume
|m 323890192865D
|
| 998 |
f |
f |
|a SB 933.3 E61 2006
|t 0
|l Remote Storage
|